000 00558nam a22001937a 4500
003 KOHA_MİRAKIL
005 20251209112047.0
008 251209b tu ||||| |||| 00| 0 tur d
020 _a9786256460379
040 _aTR-AnABB
_btur
_cTR-AnABB
041 _atur
082 _a001.42
_bGOZ 2023
100 1 _aGözler, Kemal,
245 1 0 _aAlıntı ve atıf usullerine giriş /
_cKemal Gözler
260 _aBursa :
_bEkin Basım Yayın Dağıtım,
_c2023
300 _a562 sayfa ;
_c24 cm
650 0 4 _aAraştırma Yöntemleri
942 _2ddc
_cBK
999 _c9725
_d9725
900 _bGizem YORULMAZ